LEADER 01266nas a2200301 u 4500 001 000000040760 003 CaOOAMICUS 005 20070226114134.0 008 980609c19699999nz fr p u0 u eng u 022 $a0110-487X 035 $a10797626 040 $aEFR$bita 130 0 $aPrudentia$g[Spogli].$0(OLS)http://pul/title/54957 245 10$aPrudentia. 260 $aAuckland, N.Z. :$bUniversity of Auckland Bindery,$c1969- 300 $av. ;$c21 cm 310 $aSemiannual 362 0 $aVol. 1, no. 1 (May 1969)- 500 $aTitle from cover. 650 0$aLiterature, Ancient$xHistory and criticism$xPeriodicals.$2//eng$0(OLS)http://pul/subject/18389 650 0$aClassical literature$xHistory and criticism$xPeriodicals.$2//eng$0(OLS)http://pul/subject/18390 651 0$aMediterranean Region$xCivilization$xPeriodicals.$2//eng$0(OLS)http://pul/subject/18391 850 $aPUL 852 $aPUL$W1$xDP1 Riviste Correnti$y15$mDP 1080 G$j55353$nSE-PRI$bV.1 (1969)-v. 36 (2004).$qPeriodici$B55353$CPULBib$Z2$F55353 $82 941 1 $a5 996 $6022$a0110-487X$9(OLS)http://pul/number/50573 996 $6245$aPrudentia$9(OLS)http://pul/title/54958 996 $6260$aAuckland, N.Z. :$bUniversity of Auckland Bindery$9(OLS)http://pul/publisher/64423 LEADER 01133nam a2200289 u 4500 001 000000076231 003 CaOOAMICUS 005 20070226123204.0 008 031114s2002 enk u000 u eng u 020 $a0198238479 035 $a10976237 040 $aPUL$bita 100 1 $aKenny, Anthony John Patrick.$0(OLS)http://pul/name/43317 245 10$aAquinas on being /$cAnthony Kenny. 260 $aOxford :$bClarendon Press,$c2002. 300 $ax, 212 p. ;$c21 cm 500 $aContiene indice. 504 $aBibliografia : p. [205]-207. 600 04$aThomas Aquinas,$cs.,$dc. 1225-1274.$0(OLS)http://pul/subject/448 650 4$aFilosofia medievale$ySec. XIII.$0(OLS)http://pul/subject/23899 850 $aPUL 852 $aPUL$W1$xDP1 Religione 1$y20$m485 B 43$j97963$nBK-PRI$b $qStampati$B97963$CPULBib$Z2$F97963 $H93538 $81 941 1 $a8 960 $aTommaso d'Aquino,$cs.,$d1225-1274$9448 996 $6020$a0198238479$9(OLS)http://pul/number/99879 996 $6245$aAquinas on being$9(OLS)http://pul/title/99992 996 $6260$aOxford :$bClarendon Press$9(OLS)http://pul/publisher/48412